Statystyki dla 15 największych miast w województwie lubuskim

Kliknij tutaj aby rozwiązać quiz!

Ogólne statystyki

  • Ten quiz został rozwiązany 23 razy
  • Średni wynik to 11 z 15

Statystyki odpowiedzi

MieszkańcyMiasto% Poprawnych
123 691Gorzów Wielkopolski
100%
140 874Zielona Góra
100%
37 502Żary
90%
38 763Nowa Sól
86%
16 705Słubice
86%
25 731Żagań
81%
17 778Kostrzyn nad Odrą
71%
21 736Świebodzin
71%
17 994Międzyrzecz
67%
16 619Gubin
62%
16 831Sulechów
62%
13 875Wschowa
57%
11 319Krosno Odrzańskie
48%
11 820Szprotawa
38%
13 921Lubsko
33%

Rozkład punktacji

Percentyl według liczby udzielonych odpowiedzi

Procent ludzi z każdym wynikiem

Twoja historia wyników

Nie rozwiązałeś tego quizu